00602cam a22002057a 4500003000500000005001700005008004100022010000900063011000900072035000900081040000900090110011600099245004100215260004500256300001800301490002700319500001200346650001100358830002700369CHAP20220329133225.0971013s1975 r 00010 d a3587 a4559 a3763 cCHAP aComisión Nacional de Fruticultura. México. Centro de Desarrollo Frutícola Presidente Manuel Avila Camacho13aEl nogal; su historia y plantación aTorreón, Coah. :bLa Comisión,c1975 a16 p.b: ilus 0aSerie de divulgación aD50-15714aNogal.0 aSerie de divulgación